2013 elite eight - Statistics

General Stats
  • This quiz has been taken 15 times
  • The average score is 6 of 8
Answer Stats
Hint Answer % Correct
Michigan
100%
Duke
92%
Florida
92%
Louisville
92%
Ohio st
85%
Syracuse
85%
Wichita st
54%
Marquette
38%
No matching quizzes found
Score Distribution
Percent of People with Each Score
Percentile by Number Answered
Your Score History
You have not taken this quiz